000 00573cam a2200169 a 4500
040 _cWaS
082 _a919 THE 1980 A105 Or.
245 0 0 _aCity of Seattle :
_bHuman Rights Department minority business enterprise listing (MBE) May 1980.
246 3 0 _aHuman Rights Department minority business enterprise listing
246 3 0 _aMinority business enterprise listing
260 _aSeattle, Wash. :
_bThe Dept.,
_c[1980]
300 _a134 leaves ;
_c28 cm.
500 _aCover title.
650 0 _aMinority business enterprises
710 1 _aSeattle (Wash.).
942 _cEK
999 _c15141
_d15141